Ākāśera nīle. (Record no. 64168)

MARC details
000 -LEADER
fixed length control field 00559cam a22002291 4500
001 - CONTROL NUMBER
control field sa 65005181
003 - CONTROL NUMBER IDENTIFIER
control field DLC
005 - DATE AND TIME OF LATEST TRANSACTION
control field 20260227112136.0
008 - FIXED-LENGTH DATA ELEMENTS--GENERAL INFORMATION
fixed length control field 941128s1964 ii a 000 0 beno
010 ## - LIBRARY OF CONGRESS CONTROL NUMBER
LC control number sa 65005181
025 ## - OVERSEAS ACQUISITION NUMBER
Overseas acquisition number PL480:EP-B-791
035 ## - SYSTEM CONTROL NUMBER
System control number (OCoLC)31523675
040 ## - CATALOGING SOURCE
Original cataloging agency DLC
Transcribing agency CU
Modifying agency CU
-- DLC
042 ## - AUTHENTICATION CODE
Authentication code premarc
050 00 - LIBRARY OF CONGRESS CALL NUMBER
Classification number QB44
Item number .S555
100 1# - MAIN ENTRY--PERSONAL NAME
Personal name Siddiky, Hashi,
Dates associated with a name 1937-
245 10 - TITLE STATEMENT
Title Ākāśera nīle.
260 ## - PUBLICATION, DISTRIBUTION, ETC.
Date of publication, distribution, etc. [1964]
300 ## - PHYSICAL DESCRIPTION
Extent 80 p.
Other physical details illus.
Dimensions 22 cm.
500 ## - GENERAL NOTE
General note In Bengali.
650 #0 - SUBJECT ADDED ENTRY--TOPICAL TERM
Topical term or geographic name entry element Astronomy
General subdivision Popular works.

No items available.

Powered by Koha